000 00612cam a2200193 4500
001 D6170
008 090401t1984 xxu||||| |||| 00| 0 eng d
035 _a(Sirsi) u88487
041 _aeng
050 _a692.9
110 _aJoint Contracts Tribunal
_93664
245 _aJCT intermediate form of building contract IFC 84: RIBA/CASEC form of employer/specialist agreement (ESA/1)
260 _aLondon
_bRIBA Publications for RIBA and CASEC
_c1984
300 _aii. 4p. 30cm
350 _a0
520 _aFiled in box JCT 1984/4 ABC A - Archives, B - Reference, C - Loan.
942 _n0
948 _c04/03/1997
999 _c97355
_d97355